Overweight Countries Quiz Stats

 Plays Quiz Updated Aug 2, 2021

Support Sporcle.
Go Orange.
Score 0/24 Timer 05:00
32 Plays Today
% Overweight Adults Country % Correct
67.9%United States
99.6%
64.9%Mexico
78.9%
64.5%Australia
61.6%
65.6%New Zealand
43.4%
69.7%Saudi Arabia
43.4%
64.6%Iraq
43%
81.9%Tuvalu
41.8%
83.5%Marshall Islands
40.9%
66.8%Turkey
36.8%
71.7%Qatar
36.7%
77.6%Samoa
29.1%
69.6%Jordan
26.9%
% Overweight Adults Country % Correct
67.9%Lebanon
23%
78.5%Tonga
23%
67.8%United Arab Emirates
18.8%
64.4%Bahamas
18.7%
88.5%Nauru
18.6%
75.9%Federated States of Micronesia
17.3%
85.1%Palau
17.1%
78.7%Kiribati
15.9%
66.9%Libya
14.3%
73.4%Kuwait
12.5%
65.8%Bahrain
10.3%
66.4%Malta
9.7%

From the Vault

Lyric Map: Black Or White

by JoeBeta

Music 12m
When this music video came out, it was probably the coolest thing we'd ever seen. Things were much simpler in 1991.
Remove Ads.
Support Sporcle.
Get the best of Sporcle when you Go Orange. This ad-free experience offers more features, more stats, and more fun while also helping to support Sporcle. Thank you for becoming a member.

Show Comments

Extras

Top Quizzes Today


Score Distribution

Your Account Isn't Verified!

In order to create a playlist on Sporcle, you need to verify the email address you used during registration. Go to your Sporcle Settings to finish the process.

Report this User

Report this user for behavior that violates our Community Guidelines.

Details: